Central Library OPAC University of Rajshahi
Normal view MARC view

Entry Personal Name

Number of records used in: 2

001 - CONTROL NUMBER

  • control field: 4122

003 - CONTROL NUMBER IDENTIFIER

  • control field: BD-RjUL

005 - DATE AND TIME OF LATEST TRANSACTION

  • control field: 20220725115753.0

008 - FIXED-LENGTH DATA ELEMENTS

  • fixed length control field: 220725|| aca||aabn | a|a d

040 ## - CATALOGING SOURCE

  • Original cataloging agency: BD-RjUL
  • Transcribing agency: BD-RjUL

100 ## - HEADING--PERSONAL NAME

  • Personal name: الباجوري، ابراهيم بن محمد،
  • Dates associated with a name: 1783 أو 1784-1860

670 ## - SOURCE DATA FOUND

  • Source citation: Work cat.: (BD-RjUL)80116: [Kaab bin Zuhair ] كعب بن زهير 4119, قصيدة بانت سعاد /qasidat bant suead /, 1954